000 00807nam a2200265Ia 4500
001 Para_4025
003 CHAP
008 220125s1908 xx 000 0 und d
010 _a201799
040 _cCHAP
090 _aPA FOLLETO 1421
100 _aRuggles, A. G
_9100583
245 _aSpraying for the plum curculio /
_c A. G. Ruggles
260 _aSt. Anthony Park, Minn :
_b University of Minnesota. Agricultural Experiment Station
300 _a10 p.
440 _aMinnesota. Agr. Exp. Sta. Press Bull; 34
_9166718
650 _aConotrachelus nenuphar Ciruela
_x Plagas Curculiónidos
_9166719
901 _aPA FOLLETO 1421
902 _aA
905 _a0000001908 STA 0000000000 00
910 _a1908
942 _cPARA
942 _cPARA
_d1
999 _c201799
_d201799